000
00243nam a2200085Ia 4500
245
0
_a
Nobody will ever kill me
100
_a
Maloni, Mbu Scottsville, South Africa, 2011
_9
76691
942
_c
BK
008
210817s9999 xx 000 0 und d
999
_c
259594
_d
259593